Moto3 World Champions - Statistics

General Stats
  • This quiz has been taken 42 times
    20 since last reset
  • The average score is 10 of 14
Answer Stats
Year Nationality Answer % Correct
2024 Colombian David Alonso
100%
2025 Spanish José Antonio Rueda
100%
2016 South African Brad Binder
92%
2021 Spanish Pedro Acosta
85%
2017 Spanish Joan Mir
77%
2014 Spanish Alex Marquez
69%
2022 Spanish Izan Guevara
69%
2023 Spanish Jaume Masia
69%
2018 Spanish Jorge Martin
69%
2013 Spanish Maverick Viñales
62%
2020 Spanish Albert Arenas
54%
2019 Italian Lorenzo Dalla Porta
54%
2015 British Danny Kent
46%
2012 German Sandro Cortese
46%
No matching quizzes found
Score Distribution
Percent of People with Each Score
Percentile by Number Answered
Your Score History
You have not taken this quiz since the last reset